00301nam a2200121Ia 4500008004100000040001700041041001200058082001200070100002000082245001400102260005200116300001100168230917s9999||||xx |||||||||||||| ||und|| e154887aMAIN aEnglish aB R137A aRajendra Prasad 0aAtamkatha aNew DelhibSasta Sahitya Mandal Prakashanc1965 a865 p.